Loading...
| 0 | 3 | 0 | 0 | 30 | 88 | 95.00 | 0 | 2 | 0.00 | 0.00 | |
| Fine Arts - Auditory | 2 | 0 | 0 | 0 | 30 | 43 | 50.50 | 2 | 2 | 0.00 | 0.00 |
| Science - Physics | 0 | 2 | 0 | 0 | 20 | 86 | 106.50 | 1 | 2 | 0.00 | 0.00 |
| Literature - American | 0 | 2 | 0 | 1 | 20 | 89 | 103.50 | 0 | 1 | 0.00 | 0.00 |
| Chemistry> | 0 | 1 | 0 | 0 | 10 | 135 | 135.00 | 0 | 1 | 0.00 | 0.00 |
| Current Events | 0 | 1 | 0 | 0 | 10 | 111 | 111.00 | 0 | 0 | 0.00 | 0.00 |
| History - American | 0 | 1 | 0 | 0 | 10 | 83 | 83.00 | 0 | 1 | 0.00 | 0.00 |
| Literature - British | 0 | 1 | 0 | 0 | 10 | 99 | 99.00 | 0 | 1 | 0.00 | 0.00 |
| Science - Biology | 0 | 1 | 0 | 1 | 10 | 123 | 123.00 | 0 | 0 | 0.00 | 0.00 |
| Science - Chemistry | 0 | 1 | 0 | 1 | 10 | 138 | 138.00 | 0 | 1 | 0.00 | 0.00 |
| Social Science | 0 | 1 | 0 | 0 | 10 | 87 | 87.00 | 1 | 1 | 0.00 | 0.00 |
| Other Science: Astronomy | 0 | 1 | 0 | 0 | 10 | 101 | 101.00 | 0 | 0 | 0.00 | 0.00 |
| Philosophy | 0 | 1 | 0 | 0 | 10 | 69 | 69.00 | 1 | 1 | 0.00 | 0.00 |
| Literature - European | 0 | 1 | 1 | 0 | 5 | 115 | 115.00 | 0 | 1 | 0.00 | 0.00 |
| History - European | 0 | 1 | 1 | 1 | 5 | 118 | 118.00 | 0 | 0 | 0.00 | 0.00 |
| History - World | 0 | 0 | 1 | 0 | -5 | 0.00 | 0 | 0 | 0.00 | 0.00 |